LEADER 00849nam0 2200277 450 001 9911025879803321 005 20250916134816.0 010 $a9788850651290 100 $a20250916d2021----km y0itay50 ba 101 0 $aita 102 $aIT 105 $aa 001yy 200 1 $aAnatomia comparata dei mammiferi domestici$eVol. 2-parte II Miologia$fRobert barone 205 $aedizione italiana a cura di Ruggeo Bortolami e Emilio Callegari 210 $aMilano$cEdagricole$dc2021 215 $aVI-XXII, 371-1007$cill.$d32 cm 610 0 $aMiologia 676 $a573$v23$zita 700 1$aBarone,$bRobert$0284969 801 0$aIT$bUNINA$gREICAT$2UNIMARC 901 $aBK 912 $a9911025879803321 952 $a573-BAR-1-2$b275/2025$fSC1 959 $aSC1 996 $aAnatomie comparée des mammifères domestiques$916777 997 $aUNINA